Mobile ICT Use in Early Adopter vs. Late Majority Countries

Využívanie mobilných informačných a komunikačných technológií. Medzinárodné porovnanie.

Enregistré dans:
Détails bibliographiques
Auteur principal: Gimpel, Gregory
Autres auteurs: Sudzina, František, Petrovčiková, Katarína, 1977-
Format: Chapitre de livre
Langue:anglais
Sujets:
Tags: Ajouter un tag
Pas de tags, Soyez le premier à ajouter un tag!

MARC

LEADER 00000naa a2200000 4500
001 0225745
005 20260306081416.7
041 0 |a eng 
044 |a CH 
245 1 0 |a Mobile ICT Use in Early Adopter vs. Late Majority Countries  |c Gregory Gimpel, František Sudzina, Katarína Petrovčíková 
520 |a Využívanie mobilných informačných a komunikačných technológií. Medzinárodné porovnanie. 
610 2 0 |a technológie informačné 
610 2 0 |a telefón mobilný 
610 2 0 |a porovnanie medzinárodné 
610 2 0 |a inovácia 
610 2 0 |a správanie spotrebiteľa 
610 2 0 |a vzťahy medziľudské 
100 1 |a Gimpel, Gregory 
700 1 |a Sudzina, František 
700 1 |a Petrovčiková, Katarína, 1977-